|
|
|
|
| LEADER |
00000nab a2200000 a 4500 |
| 001 |
vtls000890338 |
| 003 |
SK-MaSNL |
| 005 |
20260304121733.0 |
| 008 |
250429c2003 xo mr|p|||||||000 b|slo |
| 015 |
|
|
|a SNBRB2004/11
|2 snkbucl
|
| 035 |
|
|
|a (uuid)73b31154-0c2b-48cd-9d94-e2697cd588c3
|
| 035 |
|
|
|a urn:nbn:sk:snk-abby0w
|
| 035 |
|
|
|a (urnnbn)urn:nbn:sk:snk:ar-003y3w
|
| 038 |
|
|
|a SNKBUCL
|
| 040 |
|
|
|a SNKBUCL
|b slo
|c SNKBUCL
|e AACR2
|
| 041 |
0 |
|
|a slo
|
| 044 |
|
|
|a xo
|c SK
|
| 080 |
|
|
|a 821.162.4-32
|2 1997
|
| 100 |
1 |
|
|a Shanway, Gordon
|4 aut
|9 1426900
|
| 245 |
1 |
0 |
|a Svoloč
|c Gordon Shanway
|
| 650 |
0 |
7 |
|a psychologické poviedky, slovenské
|2 snkbucl
|9 28618
|
| 773 |
0 |
|
|t Dotyky
|g Roč. XV, č. 1 (2003), s. 16-20
|x 1210-2210
|
| 850 |
|
|
|a Slovenská národná knižnica
|
| 852 |
|
|
|a Slovenská národná knižnica
|
| 958 |
|
|
|a article15
|
| 958 |
|
|
|a OND
|
| 958 |
|
|
|a LX
|
| 958 |
|
|
|a EUIPO
|
| 999 |
|
|
|c 2886674
|d 2888604
|